000 00352pab a2200145 454500
008 180718b2005 xxu||||| |||| 00| 0 eng d
100 _aRuggiero, Vincenzo
245 _aCriminalizing war: criminology as ceasefire
260 _c2005
300 _ap.239-57.
362 _aJun
650 _aWar
773 _aSocial and Legal Studies
909 _a65763
999 _c65763
_d65763